<?xml version="1.0" encoding="UTF-8"?>
<record
    xmlns:xsi="http://www.w3.org/2001/XMLSchema-instance"
    xsi:schemaLocation="http://www.loc.gov/MARC21/slim http://www.loc.gov/standards/marcxml/schema/MARC21slim.xsd"
    xmlns="http://www.loc.gov/MARC21/slim">

  <leader>02759cam a2200337 i 4500</leader>
  <controlfield tag="001">21052111</controlfield>
  <controlfield tag="003">OSt</controlfield>
  <controlfield tag="005">20250116162652.0</controlfield>
  <controlfield tag="008">190703s2020    maua     b    001 0 eng  </controlfield>
  <datafield tag="010" ind1=" " ind2=" ">
    <subfield code="a">  2019028373</subfield>
  </datafield>
  <datafield tag="020" ind1=" " ind2=" ">
    <subfield code="a">9780262043793</subfield>
    <subfield code="q">(hardcover)</subfield>
  </datafield>
  <datafield tag="020" ind1=" " ind2=" ">
    <subfield code="z">9780262358064</subfield>
    <subfield code="q">(ebook)</subfield>
  </datafield>
  <datafield tag="042" ind1=" " ind2=" ">
    <subfield code="a">pcc</subfield>
  </datafield>
  <datafield tag="050" ind1="0" ind2="0">
    <subfield code="a">Q325.5</subfield>
    <subfield code="b">.A46 2020</subfield>
  </datafield>
  <datafield tag="082" ind1="0" ind2="0">
    <subfield code="a">006.3/1</subfield>
    <subfield code="2">23</subfield>
  </datafield>
  <datafield tag="100" ind1="1" ind2=" ">
    <subfield code="a">Alpaydin, Ethem,</subfield>
    <subfield code="e">author.</subfield>
    <subfield code="9">211092</subfield>
  </datafield>
  <datafield tag="245" ind1="1" ind2="0">
    <subfield code="a">Introduction to machine learning /</subfield>
    <subfield code="c">Ethem Alpaydin.</subfield>
  </datafield>
  <datafield tag="250" ind1=" " ind2=" ">
    <subfield code="a">Fourth edition.</subfield>
  </datafield>
  <datafield tag="264" ind1=" " ind2="1">
    <subfield code="a">Cambridge, Massachusetts  :</subfield>
    <subfield code="b">The MIT Press,</subfield>
    <subfield code="c">[2020]</subfield>
  </datafield>
  <datafield tag="300" ind1=" " ind2=" ">
    <subfield code="a">xxiv, 682 pages :</subfield>
    <subfield code="b">illustrations ;</subfield>
    <subfield code="c">24 cm.</subfield>
  </datafield>
  <datafield tag="336" ind1=" " ind2=" ">
    <subfield code="a">text</subfield>
    <subfield code="b">txt</subfield>
    <subfield code="2">rdacontent</subfield>
  </datafield>
  <datafield tag="337" ind1=" " ind2=" ">
    <subfield code="a">unmediated</subfield>
    <subfield code="b">n</subfield>
    <subfield code="2">rdamedia</subfield>
  </datafield>
  <datafield tag="338" ind1=" " ind2=" ">
    <subfield code="a">volume</subfield>
    <subfield code="b">nc</subfield>
    <subfield code="2">rdacarrier</subfield>
  </datafield>
  <datafield tag="490" ind1="0" ind2=" ">
    <subfield code="a">Adaptive computation and machine learning series</subfield>
  </datafield>
  <datafield tag="504" ind1=" " ind2=" ">
    <subfield code="a">Includes bibliographical references and index.</subfield>
  </datafield>
  <datafield tag="520" ind1=" " ind2=" ">
    <subfield code="a">"Since the third edition of this text appeared in 2014, most recent advances in machine learning, both in theory and application, are related to neural networks and deep learning. In this new edition, the author has extended the discussion of multilayer perceptrons. He has also added a new chapter on deep learning including training deep neural networks, regularizing them so they learn better, structuring them to improve learning, e.g., through convolutional layers, and their recurrent extensions with short-term memory necessary for learning sequences. There is a new section on generative adversarial networks that have found an impressive array of applications in recent years. Alpaydin has also extended the chapter on reinforcement learning to discuss the use of deep networks in reinforcement learning. There is a new section on the policy gradient method that has been used frequently in recent years with neural networks, and two additional sections on two examples of deep reinforcement learning, which both made headlines when they were announced in 2015 and 2016 respectively. One is a network that learns to play arcade video games, and the other one learns to play Go. There are also revisions in other chapters reflecting new approaches, such as embedding methods for dimensionality reduction, and multi-label classification. In response to requests from instructors, this new edition contains two new appendices on linear algebra and optimization, to remind the reader of the basics of those topics that find use in machine learning"--</subfield>
    <subfield code="c">Provided by publisher.</subfield>
  </datafield>
  <datafield tag="650" ind1=" " ind2="0">
    <subfield code="a">Machine learning.</subfield>
    <subfield code="9">208024</subfield>
  </datafield>
  <datafield tag="906" ind1=" " ind2=" ">
    <subfield code="a">7</subfield>
    <subfield code="b">cbc</subfield>
    <subfield code="c">orignew</subfield>
    <subfield code="d">1</subfield>
    <subfield code="e">ecip</subfield>
    <subfield code="f">20</subfield>
    <subfield code="g">y-gencatlg</subfield>
  </datafield>
  <datafield tag="942" ind1=" " ind2=" ">
    <subfield code="2">ddc</subfield>
    <subfield code="c">BK</subfield>
  </datafield>
  <datafield tag="999" ind1=" " ind2=" ">
    <subfield code="c">364790</subfield>
    <subfield code="d">364790</subfield>
  </datafield>
  <datafield tag="952" ind1=" " ind2=" ">
    <subfield code="0">0</subfield>
    <subfield code="1">0</subfield>
    <subfield code="2">ddc</subfield>
    <subfield code="4">0</subfield>
    <subfield code="7">0</subfield>
    <subfield code="8">MCA</subfield>
    <subfield code="a">001</subfield>
    <subfield code="b">001</subfield>
    <subfield code="d">2024-12-19</subfield>
    <subfield code="e">87</subfield>
    <subfield code="g">5218.15</subfield>
    <subfield code="l">3</subfield>
    <subfield code="p">KBJP-BK-2663</subfield>
    <subfield code="r">2025-11-21 10:34:22</subfield>
    <subfield code="s">2025-11-18</subfield>
    <subfield code="v">7435.35</subfield>
    <subfield code="w">2024-12-19</subfield>
    <subfield code="y">BK</subfield>
    <subfield code="z">2663</subfield>
  </datafield>
  <datafield tag="952" ind1=" " ind2=" ">
    <subfield code="0">0</subfield>
    <subfield code="1">0</subfield>
    <subfield code="2">ddc</subfield>
    <subfield code="4">0</subfield>
    <subfield code="7">0</subfield>
    <subfield code="8">MCA</subfield>
    <subfield code="a">001</subfield>
    <subfield code="b">001</subfield>
    <subfield code="d">2024-12-19</subfield>
    <subfield code="e">87</subfield>
    <subfield code="g">5218.15</subfield>
    <subfield code="l">1</subfield>
    <subfield code="p">KBJP-BK-2664</subfield>
    <subfield code="r">2026-02-20 10:44:32</subfield>
    <subfield code="s">2026-02-04</subfield>
    <subfield code="v">7435.35</subfield>
    <subfield code="w">2024-12-19</subfield>
    <subfield code="y">BK</subfield>
    <subfield code="z">2664</subfield>
  </datafield>
</record>
